000 00850nam a2200265Ia 4500
003 OSt
005 20220916110922.0
006 a|||||r|||| 00| 0
007 ta
008 220915b |||||||| |||| 00| 0 hin d
020 _a8170555434 (hbk)
024 _a544
037 _b482, 27/03/2008, Vani Prakashan
037 _cTextbook
040 _bhin
_aARTS
_cARTS
041 _ahin
082 _aO152,6N41x, N7
100 _aपाण्डेय, मैनेजर
245 0 _aशब्द और कर्म
246 _aShabda aur karma
260 _aनयी
_bदिल्ली वाणी प्रकाशन भारत
_c1997
300 _a269पृ0
_ccm.
942 _hO152,6N41x, N7
_cTB
_2CC
999 _c101384
_d101384